<?xml version="1.0" encoding="UTF-8"?><?xml-stylesheet type="text/xsl" href="static/style.xsl"?><OAI-PMH xmlns="http://www.openarchives.org/OAI/2.0/" xmlns:xsi="http://www.w3.org/2001/XMLSchema-instance" xsi:schemaLocation="http://www.openarchives.org/OAI/2.0/ http://www.openarchives.org/OAI/2.0/OAI-PMH.xsd"><responseDate>2026-06-02T02:30:03Z</responseDate><request verb="GetRecord" identifier="oai:riubu.ubu.es:10259/8248" metadataPrefix="marc">https://riubu.ubu.es/oai/request</request><GetRecord><record><header><identifier>oai:riubu.ubu.es:10259/8248</identifier><datestamp>2024-01-09T01:05:28Z</datestamp><setSpec>com_10259_3847</setSpec><setSpec>com_10259_5086</setSpec><setSpec>com_10259_2604</setSpec><setSpec>col_10259_3848</setSpec></header><metadata><record xmlns="http://www.loc.gov/MARC21/slim" xmlns:doc="http://www.lyncode.com/xoai" xmlns:xsi="http://www.w3.org/2001/XMLSchema-instance" xmlns:dcterms="http://purl.org/dc/terms/" xsi:schemaLocation="http://www.loc.gov/MARC21/slim http://www.loc.gov/standards/marcxml/schema/MARC21slim.xsd">
<leader>00925njm 22002777a 4500</leader>
<datafield tag="042" ind1=" " ind2=" ">
<subfield code="a">dc</subfield>
</datafield>
<datafield tag="720" ind1=" " ind2=" ">
<subfield code="a">Basurto Hornillos, Nuño</subfield>
<subfield code="e">author</subfield>
</datafield>
<datafield tag="720" ind1=" " ind2=" ">
<subfield code="a">Arroyo Puente, Ángel</subfield>
<subfield code="e">author</subfield>
</datafield>
<datafield tag="720" ind1=" " ind2=" ">
<subfield code="a">Cambra Baseca, Carlos</subfield>
<subfield code="e">author</subfield>
</datafield>
<datafield tag="720" ind1=" " ind2=" ">
<subfield code="a">Herrero Cosío, Álvaro</subfield>
<subfield code="e">author</subfield>
</datafield>
<datafield tag="260" ind1=" " ind2=" ">
<subfield code="c">2022-02</subfield>
</datafield>
<datafield tag="520" ind1=" " ind2=" ">
<subfield code="a">In the field of cybernetic systems and more specifically in robotics, one of the fundamental objectives is the detection of anomalies in order to minimize loss of time. Following this idea, this paper proposes the implementation of a Hybrid Intelligent System in four steps to impute the missing values, by combining clustering and regression techniques, followed by balancing and classification tasks. This system applies regression models to each one of the clusters built on the instances of data set. Subsequently, a variety of balancing techniques are applied to improve the classifier’s ability to discern whether it is in an error or a normal state. These techniques support to obtain better classification ratios in which a robot is close to error and allow us to bring the behavior back to a normal state. The experimentation is performed using a modern and public data set, which has been extracted from a component-based robotic system, in which different anomalies are induced by software in their components.</subfield>
</datafield>
<datafield tag="024" ind2=" " ind1="8">
<subfield code="a">1367-0751</subfield>
</datafield>
<datafield tag="024" ind2=" " ind1="8">
<subfield code="a">http://hdl.handle.net/10259/8248</subfield>
</datafield>
<datafield tag="024" ind2=" " ind1="8">
<subfield code="a">10.1093/jigpal/jzac023</subfield>
</datafield>
<datafield tag="024" ind2=" " ind1="8">
<subfield code="a">1368-9894</subfield>
</datafield>
<datafield ind1=" " ind2=" " tag="653">
<subfield code="a">Hybrid Artificial Intelligence System</subfield>
</datafield>
<datafield ind1=" " ind2=" " tag="653">
<subfield code="a">Machine learning</subfield>
</datafield>
<datafield ind1=" " ind2=" " tag="653">
<subfield code="a">Clustering</subfield>
</datafield>
<datafield ind1=" " ind2=" " tag="653">
<subfield code="a">Regression</subfield>
</datafield>
<datafield ind1=" " ind2=" " tag="653">
<subfield code="a">Missing values</subfield>
</datafield>
<datafield ind1=" " ind2=" " tag="653">
<subfield code="a">Component-Based Robot</subfield>
</datafield>
<datafield tag="245" ind1="0" ind2="0">
<subfield code="a">A hybrid machine learning system to impute and classify a component-based robot</subfield>
</datafield>
</record></metadata></record></GetRecord></OAI-PMH>